000 00743cam a22002414a 4500
001 13481092
005 20180308044328.0
008 040205s2005 njua b 001 0 eng
010 _a 2004044436
020 _a0131445715
040 _aDLC
_cDLC
_dDLC
041 _aeng
042 _apcc
080 _a658.3 ROB
082 0 0 _a658.3 ROB
_222
100 1 _a52
101 _aBNJ
245 1 0 _aEssentials of organizational behavior /
_cStephen P. Robbins.
504 _aIncludes bibliographical references (p. 285-305) and index.
906 _a7
_bcbc
_corignew
_d1
_eocip
_f20
_gy-gencatlg
942 _2ddc
_cBK
999 _c44421
_d44421